000 00501 a2200181 4500
005 20260420120730.0
008 260420b |||||||| |||| 00| 0 eng d
020 _a9788198445872
040 _cSDCL
041 _2eng
_aeng
084 _aV2:9'P R5
100 _aNayak, Aparna
_91235160
245 _aEchoes of EVM :
_bElection Administration in Maoist Heartland
260 _aNew Delhi :
_bPentagon Press,
_c2025.
300 _axx, 164p.
700 _aYadav, Mohan
_91235161
942 _cTEXL
_2CC
999 _c1848292
_d1848292